00344nam a2200121Ia 4500008004000000020001800040082001600058100002200074245005700096260003800153300000800191650002300199210210b2004 xxu||||| |||| 00| 0 eng d a81 901373 1 2 a371.42 TANC aTANDON (Kum Kum). aCareer options in science and technology after 10+2. aNDbUBSPD, Career Options.,c2004 a842 aCareer Counselling